Code OACI --> Nom Aérodromes France #1 - Statistiques

Statistiques générales
  • Ce quiz a été pris 49 fois
  • Le résultat moyen est 72 sur 122
Statistiques - réponses
Hint Réponse % Correct
LFLA Auxerre Branches
89%
LFPL Lognes Emerainville
89%
LFPB Paris Le Bourget
89%
LFOI Abbeville
78%
LFAQ Albert Bray
78%
LFOB Beauvais Tille
78%
LFAC Calais Marck
78%
LFYG Cambrai Niergnies
78%
LFOR Chartres Metropole
78%
LFPX Chavenay Villepreux
78%
LFPH Chelles Le Pin
78%
LFPK Coulommiers Voisins
78%
LFRG Deauville Normandie
78%
LFON Dreux Vernouillet
78%
LFSW Epernay Plivot
78%
LFOX Etampes Mondesir
78%
LFOE Evreux Fauville
78%
LFOL L'aigle Saint Michel
78%
LFRM Le Mans Arnage
78%
LFPP Le Plessis Belleville
78%
LFQQ Lille Lesquin
78%
LFPE Meaux Esbly
78%
LFPM Melun Villaroche
78%
LFQT Merville Calonne
78%
LFPU Moret Episy
78%
LFPN Paris Saclay Versailles
78%
LFAG Péronne Saint Quentin
78%
LFFZ Sézanne Saint Rémy
78%
LFOT Tours Val De Loire
78%
LFAV Valenciennes Denain
78%
LFPV Villacoublay Velizy
78%
LFYV Yvetot Baons Le Comte
78%
LFOF Alencon Valframbert
67%
LFAY Amiens Glisy
67%
LFOQ Blois Le Breuil
67%
LFLD Bourges
67%
LFFB Buno Bonnevaux
67%
LFOK Chalons Vatry
67%
LFOC Chateaudun
67%
LFAD Compiègne Margny
67%
LFFY Etrepagny
67%
LFPQ Fontenay Tresigny
67%
LFQL Lens Benifontaine
67%
LFXU Les Mureaux
67%
LFFC Mantes Chérence
67%
LFEM Montagis Vimory
67%
LFAX Mortagne au Perche
67%
LFQG Nevers Fourchambault
67%
LFOJ Orleans Bricy
67%
LFOZ Orleans Saint Denis De L'hotel
67%
LFPG Paris Charles De Gaulle
67%
LFPO Paris Orly
67%
LFPT Pontoise Cormeilles En Vexin
67%
LFQA Reims Prunay
67%
LFOP Rouen Vallee De Seine
67%
LFPZ Saint Cyr L'ecole
67%
LFSI Saint Dizier Robinson
67%
LFIS Saint Inglevert les Deux Caps
67%
LFOW Saint Quentin Roupy
67%
LFJS Soissons Courmelle
67%
LFQB Troyes Barberey
67%
LFEF Amboise Dierre
56%
LFQD Arras Roclincourt
56%
LFOA Avord
56%
LFAM Berck Sur Mer
56%
LFPD Bernay Saint Martin
56%
LFPF Beynes Thiverval
56%
LFAB Dieppe Saint Aubin
56%
LFAK Dunkerque Les Moers
56%
LFFE Enghien Moisselles
56%
LFAE Eu Mers Le Tréport
56%
LFAS Falaise Mont d Eraines
56%
LFFQ La Ferté Allais
56%
LFFG La Ferté Gaucher
56%
LFOH Le Havre Octeville
56%
LFAT Le Touquet Elisabeth II
56%
LFQO Lille Marcq En Baroeul
56%
LFGS Longuyon Villette
56%
LFHY Moulins Montbeugny
56%
LFAI Nangis Les Loges
56%
LFPA Persan Beaumont
56%
LFGO Pont sur Yonne
56%
LFSJ Sedan Douzy
56%
LFGQ Semur en Auxois
56%
LFAJ Argentan
44%
LFEH Aubigny sur Nère
44%
LFQF Autun Bellevue
44%
LFFL Bailleau Armenonville
44%
LFFR Bar sur Seine
44%
LFEI Briare Chatillon
44%
LFFN Brienne Le Chateau
44%
LFFH Chateau Thierry Belleau
44%
LFJC Clamecy
44%
LFGK Joigny
44%
LFQX Juvancourt
44%
LFAL La Flèche Torrée Les Pins
44%
LFAF Laon Chambry
44%
LFOY Le Havre Saint Romain
44%
LFQJ Maubeuge Elesmes
44%
LFGM Montceau les Mines Pouilloux
44%
LFFP Pithiviers
44%
LFAP Rethel Perthes
44%
LFYR Romorantin Pruniers
44%
LFFD Saint André de l'Eure
44%
LFGP Saint Florentin Cheu
44%
LFQN Saint Omer Wizernes
44%
LFEW Saulieu Liernais
44%
LFEN Tours Sorigny
44%
LFQK Chalons Ecury Sur Coole
33%
LFQV Charleville Mezieres
33%
LFJA Chaumont Semoutiers
33%
LFGH Cosne sur Loire
33%
LFFJ Joinville Mussey
33%
LFJU Lurcy Levis
33%
LFAR Montdidier
33%
LFOS Saint Valery Vittefleur
33%
LFOD Saumur Saint Florent
33%
LFFV Vierzon Méreau
33%
LFAW Villerupt
33%
LFSK Vitry Le Francois Vauclerc
33%
LFGE Avallon
22%
LFQH Chatillon Sur Seine
22%
Aucun quiz correspondant
Distribution des résultats
% des personnes avec chaque résultat
Percentile par nombre de réponses
Votre historique - résultats
Vous n’avez pas pris ce quiz